[Event "WchT 5th"]
[Site "Yerevan"]
[Date "2001.10.12"]
[Round "1.1"]
[White "Svidler, Peter"]
[Black "Leko, Peter"]
[Result "1-0"]
[WhiteElo "2686"]
[BlackElo "2739"]
[Annotator "Golod,V"]
[PlyCount "95"]
[EventDate "2001.10.12"]
[EventType "team-tourn"]
[EventRounds "9"]
[EventCountry "ARM"]
[SourceTitle "CBM 086"]
[Source "ChessBase"]
[SourceDate "2002.02.05"]
[SourceVersion "1"]
[SourceVersionDate "2002.02.05"]
[SourceQuality "1"]
[WhiteTeam "Russia"]
[BlackTeam "Hungary"]
[WhiteTeamCountry "RUS"]
[BlackTeamCountry "HUN"]

1. e4 c5 2. Nf3 e6 3. d4 cxd4 4. Nxd4 Nf6 5. Nc3 Nc6 6. Nxc6 bxc6 7. e5 Nd5 8.
Ne4 Qc7 9. f4 Qb6 10. c4 Bb4+ 11. Ke2 f5 $5 (11... Ba6 $5 {[%csl Rc4] See
comments to Yagupov,I-Malakhatko,V/St.Petersburg, 1999/CBM 74 (0-1)(Golod,V)
(67)}) 12. exf6 $5 {[%mdl 4]} ({Also it deserves attention:} 12. Nf2 Ba6 13.
Kf3 Ne7 14. Qa4 $5 {You can see comments to De Firmian,N-Shabalov,A/Seattle,
2000/CBM 80 (1/2-1/2)(Golod,V)(40)} (14. Be3 $5 {See comments to Zubarev,
A-Eljanov,P/Kharkov,2001/CBM 83(1-0)(Golod,V)(55)})) 12... Nxf6 13. Be3 Qd8 ({
Also was checked repeatedly in the previous games:} 13... Qa5 14. Nxf6+ gxf6
15. Kf2 (15. a3 $5 Be7 16. Kf2 O-O 17. b4 Qd8 18. c5 $14 {Timofeev,A-Nikolaev,
N/St.Petersburg,2001 (1-0)(38)}) 15... O-O 16. Bd3 Rf7 17. Qe2 $5 {See
comments to Rublevsky,S-Rogozenko,D/Azov,1991/CBM 25(1-0)(Blatny,P)(36)} (17.
Qc2 $143 Bf8 18. c5 Ba6 $11 {Wiersma,E-Timoshenko,G/Groningen,1999 (1/2-1/2)
(25)}) (17. h4 $143 {[%cal Gh1h3]} Bc5 18. Rh3 Bxe3+ 19. Rxe3 Qc5 20. Qe2 Qd4
21. g3 Rb8 $132 {Sutovsky,E-Birnboim,N/Tel Aviv,1993(1-0)(35)})) 14. Nd6+ ({
Leads to equal position:} 14. Nxf6+ $6 Qxf6 15. Qd4 Qxd4 $5 (15... Be7 16. Rd1
Qf7 17. Kf2 c5 18. Qe5 O-O 19. Be2 d6 20. Rxd6 Bxd6 21. Qxd6 $44 {Faure,
J-Domont,A/Geneve,1988(0-1)(34)}) 16. Bxd4 O-O 17. a3 Be7 18. Ke3 (18. g3 $5)
18... c5 19. Be5 d6 20. Bc3 e5 $1 $36 {Horvath,A-Czebe,A/Budapest,1996(0-1) 
(45)}) 14... Bxd6 15. Qxd6 Bb7 $146 ({Probably,a little bit better:} 15... Qe7
16. Qxe7+ (16. Bc5 $5 Qxd6 17. Bxd6 Ne4 18. Ba3 d5 19. Ke3 a5 20. Rc1 Kd7 21.
f5 Kc7 22. Be2 Nd6 23. fxe6 Bxe6 24. cxd5 Bxd5 25. Rhd1 Rhe8+ 26. Kf2 Ne4+ 27.
Kg1 $14 {Martin Gonzalez,A-Li Zunian/Biel,1985(1/2-1/2) (54)}) 16... Kxe7 17.
g3 a5 18. Bg2 Ba6 19. Rhc1 Rhb8 20. Bd4 {+/=/= Lau,R-Thiel,T/Dortmund,1992(1/
2-1/2) (57)}) 16. Kd1 {[%cal Gf1e2] It is necessary to finish development.} Qe7
17. Qxe7+ ({Senselessly:} 17. Qc7 $6 {in view of:} d6 {[%csl Ye7]} 18. Qxe7+
Kxe7 $11) 17... Kxe7 18. Be2 $14 {Now white has a big positional advantage in
the middlegame( two bishops and better pawn chain).} ({Much worse is:} 18. Bd3
Ng4 19. Bd4 Rhf8 $36 {[%csl Rd4][%cal Gf8f4,Gf4d4]}) 18... a5 ({Can be
recommended:} 18... Rhf8 $5 {[%csl Rf4]}) 19. Kc2 d5 20. b3 Rhc8 ({Is a
possible continuation of the play:} 20... a4 $5) 21. Bf3 c5 22. Rhe1 a4 23. g4
$1 {[%csl Rd5,Yf6][%cal Gg4g5,Yf6d5] By game on the king side white loosen
pawns centre of the black.} Kd6 24. f5 axb3+ $6 {[%mdl 16384]} ({Better at
first:} 24... exf5 $5 25. gxf5 ({Now for black is not terrible the
intermediate move:} 25. Bf4+ Kd7 26. gxf5 Rd8 {[%csl Rb7][%cal Yd7c8,Yc8b7] +/
=/=}) 25... axb3+ 26. axb3 Rxa1 27. Rxa1 $14) 25. axb3 Rxa1 ({It deserves
attention:} 25... exf5 26. Bf4+ Kd7 27. gxf5 $14) 26. Rxa1 exf5 $6 ({In my
opinion,the best protective resource:} 26... e5 $5 27. g5 $140 Ne8 28. cxd5 Nc7
$14 {[%csl Gb7,Gc7,Yd5]}) 27. Bf4+ Ke6 ({Nor decides of all problems:} 27...
Kc6 28. gxf5 Rd8 29. Re1 {[%csl Rc6,Ge1,Gf3,Gf4]}) 28. g5 $1 Ne4 29. Ra7 {
[%cal Ra7h7]} Bc6 30. Rxg7 dxc4 $6 {[%mdl 16384] Again positional mistake.} (
30... Ra8 $142 31. Bxe4 (31. Kb2 $143 {[%csl Yb2][%cal Yb2a2]} dxc4 32. bxc4
Ra4 33. Bxe4 (33. Rxh7 $2 Rb4+ 34. Kc1 (34. Ka3 Ra4+) 34... Rxc4+ 35. Kb2 (35.
Kd1 $4 Nc3+ $19 {[%csl Rf3]}) 35... Rb4+ $11) 33... Bxe4 34. Kb3 Rb4+ 35. Kc3
Rb7 $14) 31... fxe4 32. Rxh7 Kf5 33. Rf7+ Kg4 34. Rf6 Bb7 $16 (34... d4 $140 $2
35. h3+ Kxh3 36. Rxc6 $18)) 31. bxc4 Rd8 ({Senselessly:} 31... Ba4+ {in view
of:} 32. Kb2) 32. Rxh7 $16 Nf6 $2 {After this mistake white receive the
absolutely won position.} ({More stubborn resistance after:} 32... Rd4 33. Rh6+
(33. g6 $2 Rxc4+ 34. Kb2 Rb4+ 35. Kc1 Rc4+ 36. Kb2 (36. Kd1 $4 Nc3+ {[%csl Rf3]
} 37. Kd2 Bxf3 38. g7 Ne4+ 39. Ke1 (39. Ke3 Rc3#) 39... Kf7 $19) 36... Rb4+ $11
) 33... Kd7 {[%cal Yd7c6]} 34. Bxe4 (34. Be5 $2 Rxc4+ 35. Kd3 Bb5 {[%csl Rd3,
Rg5]}) 34... Bxe4+ 35. Kc3 Rd3+ 36. Kb2 Rf3 37. Be5 $16) 33. Rh6 $1 {It the
best decision!} Bxf3 34. Rxf6+ Ke7 35. Be3 $1 {[%csl Rc5]} Be4+ 36. Kb2 Rc8 37.
Kc3 {[%cal Gh2h4,Gh4h5,Gh5h6]} Rc6 ({Does not rescue:} 37... Rh8 38. Bxc5+ Kd7
39. Bd6 $18 {[%cal Yd6h2]}) 38. Rxc6 Bxc6 39. Bxc5+ Ke6 40. Bf2 $18 {The rest
is the matter of technics.} f4 41. Kd4 Bg2 42. h4 {[%csl Gc4,Gg5,Gh4]} Bf3 43.
c5 Kf5 (43... Bg2 $144 44. h5) (43... Bh5 $144 44. Ke4 f3 45. c6 Be8 (45... Kd6
46. Kf5 Kxc6 47. g6 Kd7 (47... Kd5 48. Kf6 {[%cal Gg6g7]} Bg4 49. h5 $1 {
[%cal Gh5h6]} Bxh5 $8 50. g7) 48. Kg5 {[%csl Rh5]} Bxg6 49. Kxg6) 46. c7 Kd7
47. Kf5 Kxc7 48. g6 Bb5 (48... Kd7 49. Kf6 {[%cal Gg6g7,Gg7g8]}) 49. h5 Kd6 50.
h6 {[%cal Gh6h7]}) 44. Kc4 {[%cal Gc5c6,Yc4b5]} Bc6 {[%csl Yc6]} 45. Kb4 {
[%cal Gb4a5,Ga5b6]} Be8 46. Ka5 Ke6 47. Kb6 Kd5 48. Bg1 (48. Bg1 $22 f3 49. Bf2
{[%csl Yd5,Ye8][%cal Ye8c6,Ye8h5,Yd5c6]}) 1-0

[Event "Bundesliga 0506"]
[Site "Germany"]
[Date "2006.03.11"]
[Round "12.1"]
[White "Almasi, Zoltan"]
[Black "Wippermann, Till"]
[Result "1-0"]
[WhiteElo "2640"]
[BlackElo "2450"]
[Annotator "Golod,V"]
[PlyCount "61"]
[EventDate "2005.10.21"]
[EventType "team-tourn"]
[EventRounds "15"]
[EventCountry "GER"]
[SourceTitle "CBM 112"]
[Source "ChessBase"]
[SourceDate "2006.06.07"]
[SourceVersion "1"]
[SourceVersionDate "2006.06.07"]
[SourceQuality "1"]
[WhiteTeam "Kreuzberg"]
[BlackTeam "Kirchheim"]
[WhiteTeamCountry "GER"]
[BlackTeamCountry "GER"]

1. e4 c5 2. Nf3 Nc6 3. d4 cxd4 4. Nxd4 Nf6 5. Nc3 e6 6. Ndb5 Bb4 7. a3 Bxc3+ 8.
Nxc3 d5 9. exd5 exd5 10. Bd3 O-O 11. O-O d4 12. Ne2 Qd5 13. Nf4 $5 {It's one
of numerous opportunities in this position.} Qd6 $140 14. Nh5 Nxh5 15. Qxh5 h6
16. Qh4 $5 {A very rare move, and was only seen once in another game. The main
continuation was 16.Re1 and only after 17.Qh4 and white's idea consists of
saving a tempo on the rook move, and start regrouping immediately.} Bd7 $146 (
16... Re8 $5 17. Bd2 Bd7 18. Rfe1 Re6 {/\ Rae8 <->e} 19. Rxe6 Qxe6 20. Re1 Qg4
21. Qxg4 Bxg4 22. f4 g6 23. b4 $14 {Vehi Bach,V-San Segundo Carrillo,P/San
Sebastian,1995(1/2-1/2)(42)}) 17. Bf4 $14 {White enjoys the bishop pair and d4
pawn is potentially weak, but Black has enough space for pieces.} Qd5 $6 {
Not a very good spot for the queen, there it can become a target for white's
pieces.} (17... Qe7 18. Qxe7 Nxe7 19. Rfe1 Rfe8 20. Rad1 $14) 18. Rad1 {
[%csl Gd1,Rd5,Rd7][%cal Gd1d7]} f5 $2 {Black weakens his kingside without any
good reason, thus quickly turns out in a tough position.} ({This is better:} 
18... Bf5 $5 19. Qh5 Be4 20. Qxd5 Bxd5 21. Rfe1 Rfe8 $14 {with good chances
for a draw.}) 19. c4 $1 $16 Qf7 (19... dxc3 $2 {would have lost the game
immediately in view of:} 20. Bd6 $1 {[%csl Rd5,Rf8,Rg8][%cal Gd6f8,Gd3c4]}) 20.
Qg3 Qf6 21. b4 {Zoltan Almasi gains space on the queenside. He has a very big
positional advantage.} Kh8 22. h4 {This prevents 22...g5.} Rfe8 23. Rfe1 {<->e}
Be6 (23... Rxe1+ {was hardly better:} 24. Rxe1 Re8 25. Rxe8+ Bxe8 26. b5 Na5
27. Be5 $18) 24. b5 Na5 25. Be5 $18 {White has broken through the defense of
the contender.} Qf7 26. Bxd4 Bxc4 (26... Nxc4 $2 27. Rxe6 {[%csl Gd4,Gg3,Rg7]}
Rxe6 28. Bxc4 {and so on.}) 27. Bxf5 $1 {>< Pg7} Rxe1+ 28. Rxe1 Nb3 29. Bb2 {
White develops a strong attack, all his pieces are located ideally for it.} Rf8
30. Bg6 Qd5 (30... Qg8 $144 31. Qe3 $1 {with mate in 8 moves.}) 31. Bxg7+ $1 {
[%csl Rd5,Gg3,Rh8][%cal Ch8g7,Gg6e4]} 1-0

[Event "FIDE World Cup KO (Women)"]
[Site "Shenyang"]
[Date "2000.09.10"]
[Round "2.2"]
[White "Xu, Yuhua"]
[Black "Cramling, Pia"]
[Result "1-0"]
[WhiteElo "2505"]
[BlackElo "2484"]
[Annotator "Golod,V"]
[PlyCount "67"]
[EventDate "2000.09.07"]
[EventType "k.o."]
[EventRounds "4"]
[EventCountry "CHN"]
[SourceTitle "CBM 079"]
[Source "ChessBase"]
[SourceDate "2000.11.21"]
[SourceVersion "1"]
[SourceVersionDate "2000.11.21"]
[SourceQuality "1"]

1. e4 c5 2. Nf3 e6 3. d4 cxd4 4. Nxd4 Nf6 5. Nc3 Nc6 6. Ndb5 Bc5 {Nowadays
this move is not actual.} (6... Bb4 $5 {See comments to Bosch,J-Janssen,R/Wijk
aan Zee,1999/CBM 69 (1/2-1/2)(Golod,V) (37)}) (6... d6 $5 {See comments to
Solovjov,S-Beshukov,S/Moscow,1999/CBM 70(1-0)(Golod,V)(43)}) 7. Bf4 $5 ({
Pretty dubious:} 7. Be3 {in view of:} Bxe3 8. Nd6+ Ke7 9. fxe3 Qc7 10. Ndb5 (
10. Ncb5 Qb6) 10... Qe5 11. Qd2 a6 12. Nd4 b5 13. O-O-O Bb7 $15 {Wells,P-Hall,
J/Germany,1999(0-1)(34)}) ({It deserves attention:} 7. Nd6+) 7... O-O ({Badly:
} 7... e5 {because of:} 8. Be3 $1 d6 (8... Bxe3 $143 9. Nd6+ Kf8 10. fxe3 Ne8
11. Nxe8 Kxe8 12. Bc4 {+/=/+/- Groszpeter,A-Orso,M/Berlin,1996(1-0) (21)}) 9.
Qd2 O-O 10. O-O-O a6 11. Bxc5 dxc5 12. Qxd8 Rxd8 13. Rxd8+ Nxd8 14. Nd6 $14 {
Suetin,A-Osnos,V/Leningrad,1963(1-0)(41)}) 8. e5 $5 ({Also was checked in the
previous games:} 8. Bc7) (8. Bd6) ({and} 8. Be2) 8... Ne8 $146 ({Probably a
little better is:} 8... a6 $5 9. Nd6 (9. exf6 $6 Qxf6 {[%csl Rb5,Rf4]}) 9...
Ne8 10. Nce4 Nxd6 11. exd6 Ba7 12. Qd2 b5 13. Bd3 f5 $1 $13 {Roser,K-Janssen,R/
Glenalmond,1996(0-1) (35)}) 9. Ne4 Be7 {Control over point d6.} 10. Bd3 ({
Is a possible continuations of the play:} 10. c3 $5) ({and} 10. Ned6) 10... a6
({More safely:} 10... f6 $5) 11. Qh5 $2 {[%mdl 512] Very dubious sacrifice.} ({
It is necessary:} 11. Nbd6 $11) 11... g6 $6 ({In my opinion much better is:} 
11... axb5 12. Nf6+ (12. Ng5 $143 h6) 12... Nxf6 13. exf6 Bb4+ $1 {(maybe
black didn't see this move!)} (13... g6 $2 14. fxe7 Qxe7 (14... Qa5+ 15. Bd2
Re8 16. Bxa5 gxh5 17. Bc7 $14) (14... gxh5 15. exd8=Q Rxd8 16. Bxb5 $14) 15.
Qxb5 {+/=/=}) 14. c3 g6 15. Qh6 Qxf6 16. cxb4 Nxb4 $17) 12. Qh6 axb5 13. h4 {
[%csl Gh1,Rh7][%cal Ge4g5][%mdl 128]} f5 ({Senselessly:} 13... f6 $2 {in view
of:} 14. h5 $40) 14. h5 g5 ({After:} 14... fxe4 $5 15. hxg6 Bb4+ 16. c3 Qe7 17.
Bxe4 {white has a compensation behind two pieces.}) 15. Nxg5 Bxg5 16. Bxg5 Qa5+
({Another possibilities is:} 16... Qc7 17. f4 $13 (17. Bf4 $5)) 17. Bd2 b4 18.
f4 Rf7 $6 ({It deserves attention:} 18... Qd5 $5 {[%csl Ra2,Rg2][%cal Gd5g2,
Ga8a2,Gd5a2]}) 19. g4 Ne7 ({Badly right away:} 19... fxg4 $2 {in view of:} 20.
Rg1 Rg7 (20... Nxe5 $142 21. fxe5 Qxe5+ 22. Be3 g3 23. Kd2 $36 {[%csl Ga1,Gg1,
Rg8]}) 21. Rxg4 $1 {[%csl Rg8][%cal Gh6h7]} Rxg4 22. Qxh7+ Kf8 23. Bg6 {
[%cal Gh7f7]} Rg1+ (23... Nd8 $4 24. Qh8+ Ke7 25. Qxe8#) 24. Kf2 Rxg6 25. hxg6
Qc5+ (25... Nd8 26. Rh1 $18 {/\27.Qh8+ and 29.Rh7+}) 26. Be3 Qxc2+ 27. Kg1 Qf5
(27... Nd8 28. g7+ {[%csl Rc2]}) 28. Bc5+ $1 d6 29. Bxd6+ Nxd6 30. g7+ $18) 20.
Rg1 Rg7 (20... Ng7 $2 21. g5 $40 {[%cal Gg5g6]}) 21. Ke2 Kh8 $2 {After this
mistake white gets a very strong attack.} ({Can be recommended:} 21... fxg4 $1
22. Bxh7+ (22. Rxg4 $2 Rxg4 23. Qxh7+ Kf8 24. Bg6 Qb5+ 25. Kf2 Ng7 26. Qh8+ Ng8
27. Bd3 Qc5+ 28. Kf3 Qd5+ $1 29. Kxg4 $140 $2 (29. Be4 $142 Qxd2 30. Kxg4 Qe2+
31. Bf3 Qxc2 32. Rg1 Rxa2 $19) 29... Qg2+ 30. Kh4 Nf5+ 31. Bxf5 exf5 $19 {
[%csl Rh4][%cal Gg2g4]}) 22... Rxh7 23. Rxg4+ Ng7 (23... Rg7 $143 24. Rxg7+
Nxg7 25. Qg5 $13 {[%cal Gh5h6]}) 24. Qf6 Nd5 25. Qg6 Qb5+ 26. Ke1 {[%cal Gh5h6]
} d6 {=/+/-/+}) 22. gxf5 Nxf5 ({Slightly better is:} 22... Ng8 {,but after:}
23. Rxg7 $1 (23. Qxg7+ $2 Nxg7 24. f6 Nxf6 25. exf6 Qxh5+ $19) 23... Nxh6 $140
(23... Nxg7 24. Qg5 $18 {[%cal Ga1g1]}) 24. Re7 {white has a decisive attack
in the next variations:} Nd6 (24... Nxf5 $143 25. Rxe8+ Kg7 26. Rg1+ Kh6 27.
Rf8 $18 {[%csl Rh6] with the manifold threats}) (24... Qd8 $143 25. f6 {
[%cal Ge7h7]} Nf5 26. Bxf5 exf5 27. Rg1 {[%csl Rh8][%cal Gf6f7]} Nxf6 (27...
Rxa2 28. f7 $1 Nc7 29. e6 $1 Rxb2 (29... dxe6 30. Bxb4 {[%csl Rh8][%cal Gb4c3]}
e5 31. Bc3 Ra5 32. Rxe5 $18) 30. exd7 Qxe7+ 31. Be3 Rxc2+ (31... Bxd7 32. Rg8#)
(31... Qxf7 32. d8=Q+ Ne8 33. Bd4+) 32. Kf1 $18 {[%csl Rh8][%cal Gg1g8,Ge3d4,
Gd7c8] picture position!}) 28. exf6 Ra6 29. Rgg7 Re6+ (29... Rxf6 30. Rxh7+ Kg8
31. Reg7+ Kf8 32. Bxb4+ d6 33. Rh8+ Kxg7 34. Rxd8 {[%csl Rc8,Rf6,Rg7][%cal
Gb4c3]} Rf8 35. h6+ Kf7 36. Rxd6 $18) 30. Be3 Rxe3+ (30... Rxe7 31. fxe7 Qe8
32. h6 $1 $18 {[%cal Ge3d4]}) 31. Kxe3 Qb6+ 32. Kf3 Qxf6 33. Rxh7+ Kg8 34. h6 {
[%csl Rg8][%cal Ge7g7,Gh7h8]} Qc6+ 35. Kf2 Qxc2+ 36. Kg3 Qd3+ 37. Kh4 $18) 25.
f6 {[%csl Rh8]} Kg8 26. a3 $1 $16 {[%csl Ra5,Gd2]}) 23. Rxg7 Nxh6 ({Much worse
is:} 23... Nexg7 24. Qf6 $18 {[%cal Gh5h6]}) 24. Rxh7+ Kg8 25. Rg1+ Kf8 26.
Rxh6 Ke7 $6 ({Most probably more stubborn resistance after:} 26... d6 27. Rh8+
Ke7 28. a3 $1 $16) 27. Rh8 $1 {[%csl Gh5][%cal Gh5h6,Gh6h7] Now white's pawn
h5-future white's queen.} (27. Rh7+ $2 Kd8) 27... d6 28. h6 Bd7 29. h7 $18 dxe5
30. Rhg8 e4 {[%csl Re2,Rh7][%cal Ga5h5]} 31. h8=Q exd3+ 32. cxd3 Qc5 33. Qh6
Qf5 34. R1g5 {[%csl Rb4][%cal Gd2b4] After this move black resigns,because of
next variant:} (34. R1g5 Qf7 35. Bxb4+ Kd8 36. Rf8 {[%csl Rf7]}) 1-0

[Event "Corus-B"]
[Site "Wijk aan Zee"]
[Date "2006.01.17"]
[Round "4"]
[White "Stellwagen, Daniel"]
[Black "Carlsen, Magnus"]
[Result "1/2-1/2"]
[WhiteElo "2573"]
[BlackElo "2625"]
[Annotator "Golod,V"]
[PlyCount "78"]
[EventDate "2006.01.14"]
[EventType "tourn"]
[EventRounds "13"]
[EventCountry "NED"]
[EventCategory "15"]
[SourceTitle "CBM 111"]
[Source "ChessBase"]
[SourceDate "2006.04.04"]
[SourceVersion "1"]
[SourceVersionDate "2006.04.04"]
[SourceQuality "1"]

1. e4 c5 2. Nf3 e6 3. d4 cxd4 4. Nxd4 Nf6 5. Nc3 Nc6 6. Nxc6 bxc6 7. e5 Nd5 8.
Ne4 Bb7 9. c4 Nb4 10. c5 Qb8 {Very rare move.} ({I also analysed other
alternatives in this position:} 10... Qh4 $6) ({and} 10... Ba6 $5) 11. f4 $5 ({
On:} 11. Nd6+ $5 {I have found three games in my database.}) 11... Ba6 $140 12.
a3 Bxf1 13. Rxf1 Nd5 14. Qd4 Be7 ({Also once was checked in the preceding game:
} 14... Qd8 $5 {/\Qh4+}) 15. f5 {Probably Daniel Stellwagen was studying my
comments to the below mentioned game:} (15. Bd2 $6 O-O 16. O-O-O f6 $1 $15 {
Najer,E-Yakovich,Y/Sochi,2005/CBM 107(1/2-1/2)(Golod,V)(59)}) 15... exf5 16.
Rxf5 O-O {Black finished development and ready to open the game by "f6".} 17.
Bd2 {White wants to castle queenside. Black governs the open "b"-file, and
could immediately start counterplay. Besides, the knight on "d5" is very
strong.} ({This deserves more attention:} 17. Bg5 $5) 17... f6 {The center
must be opened, Black doesn't have any other respective alternative.} 18. O-O-O
{Yet there was time to move the king to queenside.} Qb3 $5 $146 {Black doesn't
hurry to recapture on "e5" and first activates his queen.} (18... fxe5 19. Rxe5
Qb3 $2 (19... Bf6 $5 20. Nxf6+ Rxf6 21. Bg5 Rf7 22. Rde1 Qf8 {and Black has a
good defense.}) 20. Bg5 $14 Rae8 21. Bxe7 Ne3 $4 22. Nf6+ {[%csl Re3][%cal
Ge5e3] 1-0 Topalov,V-Illescas Cordoba,M/Cala Galdana,1999}) 19. exf6 {It's
hard for me to suggest another move :)} ({For example:} 19. Re1 Rae8 20. exf6
Bxf6 21. Nxf6+ Nxf6 {and Black is OK.}) 19... Bxf6 {Of course Black keeps his
pride and joy - his knight.} 20. Nxf6+ Rxf6 {Exchanging a pair of rooks favors
Black.} 21. Rxf6 Nxf6 22. Re1 Qf7 $5 {Magnus wants to get his king to safety,
and only then get his knight back to the center.} ({Even though after:} 22...
Nd5 {it is unclear how White can use the stuck black queen on the queenside:}
23. Bh6 (23. Qg4 $6 Rb8 {קb2}) 23... gxh6 24. Qg4+ Kh8 (24... Kf7 $4 25. Rf1+
Ke7 (25... Nf6 26. Qxd7+ Kg8 27. Rxf6 Qe3+ 28. Kb1 Qe4+ 29. Ka1 $18) 26. Qe4+
Kd8 27. Rf8+ Kc7 28. Rxa8 $18) (24... Kf8 $144 $4 25. Rf1+ {and so on}) 25.
Qd4+ Kg8 26. Qg4+ {with perpetual check.}) 23. Bf4 Nd5 24. Bd6 {It is unclear
which piece stands better: The bishop on "d6" or the knight on "d5". The white
bishop prevents the black rook from getting to the <->b or <->f. So Black puts
it on the <->e s in order to exchange them.} Re8 25. Rxe8+ Qxe8 26. Qe5 Qf7 $1
$11 {[%csl Rc1,Rg2][%cal Gf7f1] Of course it is bad to exchange the queens,
because after:} (26... Qxe5 27. Bxe5 Kf7 28. Kd2 g6 29. Kd3 Ke6 30. Bb8 {
Black has problems, in view of the weak "a" pawn. It is obvious that White has
the advantage here.}) 27. Kb1 h6 {Magnus Carlsen doesn't hurry to force a draw:
} (27... Qf1+ 28. Ka2 (28. Kc2 $6 Qxg2+ 29. Kb3 Qf3+ 30. Ka4 Kf7 31. Ka5 $44)
28... Qc4+ 29. Ka1 Qf1+ {and so on.}) 28. g3 Qf1+ 29. Ka2 Qc4+ 30. Ka1 (30. b3
$4 Qc2+ 31. Ka1 (31. Qb2 $143 Nc3+ 32. Ka1 Qd1+) 31... Nc3 $19) ({This doesn't
change anything:} 30. Kb1 Qd3+ 31. Ka1 (31. Kc1 $4 Ne3 $19 {[%csl Rc1][%cal
Gd3c2,Gd3d1]}) 31... Qf1+ 32. Ka2 $11) 30... Nf6 {Black continues to fight,
and he doesn't seem to be in a hurry to finish the game:} (30... Qc1+ 31. Ka2
Qc4+ 32. Kb1 (32. Ka1 Qc1+) 32... Qf1+ 33. Kc2 Qf2+ 34. Kb3 Qf3+ 35. Ka2 (35.
Ka4 $4 Qd3 {[%csl Ra4][%cal Gd3b5]} 36. b4 $8 Nc3+ 37. Kb3 $8 Ne2+ {with a
simple win.}) 35... Qf7 $11) 31. Qf5 Kf7 32. Qe5 Kg8 33. Qe7 {The position on
the board is dynamically equal, and the most predictable result of the game is
a draw.} Qg4 {Black's idea - get the knight to "d5" or "e4" and have some
counterplay, but easier said than done...} 34. Be5 Nd5 35. Qe8+ Kh7 36. Qf7 {
[%csl Rd7,Rg7] White in his turn attacks the "d7" and "g7" pawns.} Qg5 37. Bd6
{It's hard to see how it is possible to improve the position, the players have
reached their first time control, perhaps it is time to agree a draw :)} Qc1+
38. Ka2 Qc4+ 39. Ka1 ({White avoids the last trap:} 39. Kb1 $4 Nc3+ {[%csl Rb1,
Rf7][%cal Gc4f7]}) 39... Qc1+ 1/2-1/2